000
00243nam a2200109Ia 4500
008
240625s9999 xx 000 0 und d
041
_a
eng
100
_a
DISCOVERY CHANNEL
245
_a
WATER FRIEND AND FOE
260
_c
2005
365
_c
RS
_b
20
999
_c
33990
_d
33990